| 000 | 00708nam a2200241 a 4500 | ||
|---|---|---|---|
| 001 | BRCA_3531 | ||
| 005 | 20190320204325.0 | ||
| 008 | 280709s1893----u--#---###---#000-0#eng-# | ||
| 041 | _aeng | ||
| 044 | _au | ||
| 050 | 4 |
_aF1435.3 _b.B85 1893 |
|
| 100 | 1 |
_aBriton, Daniel G. _99167 |
|
| 245 | 1 | 0 |
_aThe native calendar or Central Americana and Mexico _bA study in linguistics and sybolism _cby Daniel G. Briton. |
| 260 |
_aPhiladelphia _bMcCalla _c1893 |
||
| 300 |
_a59 p. _c20 cm. |
||
| 500 | _aB196 | ||
| 650 | 1 | 4 |
_aCalendario tzenzal _99168 |
| 650 | 1 | 4 |
_aCalendario mexicano _98542 |
| 650 | 1 | 4 |
_aLenguaje y lenguas _98240 |
| 650 | 1 | 4 |
_aIndios de México _xLenguas _98241 |
| 902 | _aGFM | ||
| 942 |
_2lcc _cB |
||
| 999 |
_c3266 _d3266 |
||